El m̀bito subjetivo de aplicacin̤ de la nueva Ley de contratos de las administraciones pb︢licas (Real Decreto Legislativo 2-2000, de 16 de junio, por el que se aprueba su texto refundido) /

Bibliographic Details
Main Author: Noguera de la Muela, Belň
Format: Unknown
Language:Spanish
Published: Barcelona : Atelier, D.L. 2001
Series:Administrativo (Atelier)
Subjects:
Online Access:Acceso restringido

MARC

LEADER 00000ny a22000003n 4500
005 20110621135928.0
008 010604s2001 sp | 000|0 spa d
017 |a D.L.B.18910-01 
020 |a 9788495458162 
035 |a 627 
040 |a BUS  |d vLex 
080 |a 351.712(460)"2000" 
090 |c 960  |d 960 
100 1 |a Noguera de la Muela, Belň 
245 1 3 |a El m̀bito subjetivo de aplicacin̤ de la nueva Ley de contratos de las administraciones pb︢licas  |h [Recurso electrn̤ico]  |b (Real Decreto Legislativo 2-2000, de 16 de junio, por el que se aprueba su texto refundido) /  |c Belň Noguera de la Muela 
256 |a Servicio en ln̕ea 
260 |a Barcelona :  |b Atelier,  |c D.L. 2001 
300 |a 218 p. ;  |c 22 cm 
490 1 |a Administrativo 
504 |a Bibliog. 
506 1 |a Contenido solo disponible en los productos indicados  |d vLex Global  |d vLex Global (Academic Edition, excluding Law Schools)  |d vLex Global (U.S. Academic Edition, Law Schools)  |d vLex Global (U.S. Academic Edition, excluding Law Schools)  |d vLex Global (Academic Edition, Law Schools) 
650 0 7 |a Administrativo  |2 Tesauro vLex 
650 0 7 |a Contrato administrativo  |2 Tesauro vLex 
650 0 7 |a Actividad administrativa  |2 Tesauro vLex 
650 0 7 |a Acto administrativo  |2 Tesauro vLex 
650 0 7 |a Contratos administrativos  |2 Tesauro vLex 
740 0 |a vLex Libros (Servicios en ln̕ea) 
830 0 |a Administrativo (Atelier) 
856 4 0 |u http://vlex.com/source/627  |z Acceso restringido 
942 |c BOOK